000 00322nam a22001337a 4500
008 171027b xxu||||| |||| 00| 0 eng d
020 _a9781422411421
041 _aeng
080 _22ND
_a336
100 _a56
101 _aFIN
245 _aUNDERSTANDING MODERN REAL ESTATE TRANSACTIONS
_cJOHNSON,A.M
942 _2udc
_cBK
999 _c36276
_d36276